LEADER 04078nam1 2200541 i 450 001 BVEE019900 005 20170908093209.0 100 $a20060310g15151516||||0itac50 ba 101 | $alat 102 $ait 181 1$6z01$ai $bxxxe 182 1$6z01$an 200 1 $aP. Ouidij Nasonis uita per Aldum ex ipsius libris excerpta. Heroidum epistolae. Amorum libri 3. De arte amandi libri 3. De remedio amoris libri 2. De medicamine faciei. Nux. Somnium. Pulex & Philomela, quamuis Ouidij esse dicantur, non magis tamen ipsius sunt, quàm Sabini tres illae, quae illi ascribuntur, epistolae. ... 210 $a[Venezia$ceredi di Aldo Manuzio 1. e Andrea Torresano 1.]$eVenetijs$gin aedibus Aldi, et Andreae soceri$hmense Maio 1515-mense Februario 1516 215 $a3 v.$d8° 300 $aRiferimenti: Renouard, A.A. Annales de l'imprimerie des Aldes, 1834, p. 72 n. 3 e p. 78 nn. 9-10; The Aldine press, n. 133, 141-142 300 $aNel titolo i numeri sono espressi in cifre romane 300 $aTitolo del vol. [2]: "Cl. Ptolemaei Inerrantium stellarum significationes..."; titolo del vol. [3]: "Quae hoc volumine continentur. Annotationes in omnia Ouidij opera. ..." - Marca (Z38) sui frontespizi 300 $aCorsivo ; romano 300 $aIl vol. 3 contiene nelle pagine preliminari un Errata corrige di tutti e tre i volumi, indicandone anche la sequenza. 463 1$1001BVEE056388$12001 $a˜[3]: œQuae hoc volumine continentur. Annotationes in omnia Ouidij opera. Index fabularum, & cæterorum, quæ insunt hoc libro secundum ordinem alphabeti. Ouidij Metamorphoseon libri 15$v3 463 1$1001BVEE056399$12001 $a˜[2]: Cla. Ptolemaei œInerrantium stellarum significationes per Nicolaum Leonicum è graeco translatae. 12. Romanorum menses in ueteribus monimentis Romae reperti. Sex priorum mensium digesto ex sex Ouidij Fastorum libris excerpta. P. Ouidij Nasonis Fastorum lib. 6. Tristium lib. 5. De Ponto lib. 4. In Ibin. Ad Liuiam$v2 463 1$1001BVEE077999$12000 $a[1]$v1 620 $dVenezia$3SBLL003553 700 1$aOvidius Naso$b, Publius$3CFIV002690$4070$0154954 712 02$aManuzio, Aldo$d <1.> eredi & Torresano, Andrea <1.>$3UBOV470810$4650 790 0$aOvid$3AQ1V000257$zOvidius Naso, Publius 790 1$aOvidio Nasone$b, Publio$3CFIV002693$zOvidius Naso, Publius 790 0$aOvidiu$3CFIV078917$zOvidius Naso, Publius 790 0$aOvidio$3CFIV156621$zOvidius Naso, Publius 790 1$aOvidio Nasone$b, P.$3CFIV160367$zOvidius Naso, Publius 790 1$aOvidius$b, Publius Naso$3CFIV228966$zOvidius Naso, Publius 790 0$aObidios$3CFIV230653$zOvidius Naso, Publius 790 1$aOvidio Naso$b, Publius$3SBNV006544$zOvidius Naso, Publius 790 1$aNasone$b, Publio Ovidio$3SBNV047182$zOvidius Naso, Publius 790 0$aOvide$3UFIV122075$zOvidius Naso, Publius 791 02$aTorresano, Andrea & Manuzio, Aldo eredi$3MILV162056$zManuzio, Aldo <1.> eredi & Torresano, Andrea <1.> 791 02$aTorresano, Andrea <1.> & Manuzio, Aldo <1.> eredi$3PUVV312433$zManuzio, Aldo <1.> eredi & Torresano, Andrea <1.> 801 3$aIT$bIT-NA0079$c20060310 850 $aIT-NA0120$aIT-NA0097 912 $aBVEE019900 921 $aMILM000002$bAncora con delfino. Ai lati: Aldus.$cZ38$cK174$cV392$dSui frontespizi. 950 1$aIstituto italiano per gli studi storici$bv. 1$c1 v.$d CRNICOLINI XVI 0059 950 1$aSocietà napoletana di storia patria$cv. 1.; Vecchia coll.: 17-4-63; Mutilo della c. 2p3; Coperta in pergamena semifloscia con piatto anteriore lievemente scucito; Risguardi in carta$d SPCUOMO 500.05. 05.33 967 $m2 977 $a CR$a SP 996 $aP. Ouidij Nasonis uita per Aldum ex ipsius libris excerpta. Heroidum epistolae. Amorum libri 3. De arte amandi libri 3. De remedio amoris libri 2. De medicamine faciei. Nux. Somnium. Pulex & Philomela, quamuis Ouidij esse dicantur, non magis tamen ipsius sunt, quàm Sabini tres illae, quae illi ascribuntur, epistolae. ..$91480320 997 $aUNISANNIO LEADER 03650nam 2200589 450 001 9910460292003321 005 20200520144314.0 010 $a0-8173-8884-2 035 $a(CKB)3710000000493239 035 $a(EBL)4312176 035 $a(SSID)ssj0001570257 035 $a(PQKBManifestationID)16217891 035 $a(PQKBTitleCode)TC0001570257 035 $a(PQKBWorkID)14803867 035 $a(PQKB)11089509 035 $a(MiAaPQ)EBC4312176 035 $a(OCoLC)926014649 035 $a(MdBmJHUP)muse46991 035 $a(Au-PeEL)EBL4312176 035 $a(CaPaEBR)ebr11138986 035 $a(EXLCZ)993710000000493239 100 $a20160120h20152015 uy 0 101 0 $aeng 135 $aur|n|---||||| 181 $ctxt 182 $cc 183 $acr 200 10$aFighting monsters in the abyss $ethe second administration of Colombian President Alvaro Uribe Velez, 2006-2010 /$fHarvey F. Kline 210 1$aTuscaloosa, Alabama :$cThe University Alabama Press,$d2015. 210 4$d©2015 215 $a1 online resource (269 p.) 300 $aDescription based upon print version of record. 311 $a0-8173-1880-1 320 $aIncludes bibliographical references and index. 327 $aHistorical background to the Colombian state in 2006 -- The concepts of the state and state building -- State building in Colombia before 1998 -- The immediate context: the Andres Pastrana Presidency and Alvaro Uribe's first -- Term -- The legitimate monopoly of force challenge -- Violence and human rights during the second Uribe term -- Failure with guerilla groups during the second Uribe term -- The justice challenge -- The conflicts of president Uribe with the judicial branch -- Enforcement of the law of justice and peace -- Unsolved problems after the paramilitary demobilization: parapolitica and new -- Emerging bands -- Into the abyss? -- The difficulties coming from allowing the ends to justify the means -- Conclusion -- Epilogue -- Average number of human rights violations in Colombia, 1982-90, according to the Inter-American Commission on Human Rights -- Comparison of human rights violations in Colombia in the Barco and Gaviria years, according to the Comision Intercongregacional de Justicia y Paz -- Levels of violence during the Alvaro Uribe Velez presidency, according to the National Planning Department -- Levels of violence, January-October 2002-9, according to the Fundacion Seguridad y Democracia -- Levels of homicide and kidnapping 2002-10, according to the Ministry of Defense -- Acts of war 2002-10, according to the Ministry of Defense -- Human rights violations during the Uribe years, according to the Centro de Investigacion y Educacion Popular -- Chronology of the arguments between President Uribe and the Supreme Court -- Information about the presence of emerging criminal bands in 2010 -- E.1. Comparison of the number of troops of the Colombian Armed Forces and the FARC, 1999 and 2012. 606 $aHuman rights$zColombia$xHistory$y21st century 606 $aPolitical violence$zColombia$xHistory$y21st century 606 $aJustice, Administration of$zColombia$xHistory$y21st century 607 $aColombia$xPolitics and government$y1974- 608 $aElectronic books. 615 0$aHuman rights$xHistory 615 0$aPolitical violence$xHistory 615 0$aJustice, Administration of$xHistory 676 $a986.106/34 700 $aKline$b Harvey F.$01050999 801 0$bMiAaPQ 801 1$bMiAaPQ 801 2$bMiAaPQ 906 $aBOOK 912 $a9910460292003321 996 $aFighting monsters in the abyss$92488367 997 $aUNINA